000 00753nam a2200229 i 4500
001 95284
003 ES-MaACL
007 t|
008 050525s1984 sp ||||1| spa d
020 _a84-307-7446-7
100 1 _aLyons, John.
_974959
245 1 0 _aIntroducción al lenguaje y a la lingüística /
_cJohn Lyons; versión española de Ramón Cerdá.
250 _a[1ª ed.].
260 _aBarcelona :
_bTeide,
_c1984.
300 _aIX, 323 p. ;
_c22 cm.
490 1 _aAportación Universitaria. Serie Lingüística
504 _aIndices. Bibliografía p. 289-307.
700 1 _aCerdá, Ramón.
_937455
830 0 _aAportación Universitaria. Serie Lingüística
_9232184
852 _aES-MaACL
_jL-9111
_bR.110945
999 _c95284
_d95284